000 00305nam a2200109Ia 4500
008 200302s9999 xx 000 0 und d
100 _aChrista Van Santen
245 _aLight Zone City Light Planning in the Urban Context
260 _bBirkhauser Publishers for Architecture
260 _c2006
300 _a127
999 _c5274
_d5274